| 000 | 00937nam a2200289 a 4500 | ||
|---|---|---|---|
| 001 | 4970128 | ||
| 005 | 20180220095632.0 | ||
| 008 | 970211s1996 mdua b 001 0 eng d | ||
| 010 | _a 97149652 | ||
| 020 | _a1569000522 | ||
| 035 | _a(OCoLC)36369396 | ||
| 040 |
_aIPfsG _cIPfsG _dMBU _dDLC |
||
| 041 | _aeng | ||
| 042 | _alccopycat | ||
| 043 | _an-us--- | ||
| 080 | _a615.8515 RIT | ||
| 082 | 0 | 0 |
_a615.8515 RIT _221 |
| 100 | _a4 | ||
| 101 | _aSHM | ||
| 245 | 0 | 0 |
_aPerspectives on purposeful activity : _cedited by Rita P. Fleming Cottrell. |
| 246 | 3 | 0 | _aFoundation and future of occupational therapy |
| 246 | 1 | 8 | _aPurposeful activity |
| 504 | _aIncludes bibliographical references and index. | ||
| 906 |
_a7 _bcbc _ccopycat _d2 _encip _f19 _gy-gencatlg |
||
| 942 |
_2ddc _cBK |
||
| 999 |
_c42970 _d42970 |
||